| 000 | 00482nam a2200181Ia 4500 | ||
|---|---|---|---|
| 008 | 240925s9999 xx 000 0 und d | ||
| 020 | _a9788177584059 | ||
| 082 | _a519.40285 MAT | ||
| 100 | _aMathews, John H. | ||
| 245 | 0 | _aNumerical Methods Using Matlab | |
| 250 | _a4th | ||
| 260 |
_aNew Delhi: _bPearson Education _c,2008. |
||
| 300 |
_a575p. _bNA _fOriginal |
||
| 500 | _aIncludes Index | ||
| 600 | _aHumanities & Natural Science | ||
| 650 | _aMathematics | ||
| 942 | _cBK | ||
| 999 |
_c12540 _d12540 |
||